Dejiny ČSR učebný text pre 10. postup. roč. všeob.-vzdel. škôl a pre pedagog. školy

Bibliographic Details
Main Authors: Klíma, Arnošt, 1916-2000 (Author), Goláň, Karol, 1895-1961 (Adapter)
Format: Book
Language:Slovak
PhysicalDescription:107, [2] s. 8°
Published: Bratislava Slovenské pedagogické nakladateľstvo 1957
Edition:4. vyd.
Subjects:

MARC

LEADER 00000nam a2200000 a 4500
001 vtls008322926
003 SK-MaSNL
005 20260301020320.0
008 181127s1957 xo 000 slo
015 |a SKSNBA1957/09-01226 
035 |a SK01SNK19570015143 
035 |a SKM000017606 
040 |a SNK  |b slo  |c SNK  |e AACR2 
041 1 |a slo 
044 |a xo  |c SK 
080 |a 372.894.37"16/19"(075.3)  |2 1981 
100 1 |a Klíma, Arnošt,  |d 1916-2000  |4 aut  |9 214986 
245 1 0 |a Dejiny ČSR  |b učebný text pre 10. postup. roč. všeob.-vzdel. škôl a pre pedagog. školy  |c autor: Arnošt Klíma ; slov. dopl. sprac.: Karol Goláň, Jaroslav Dubnický 
250 |a 4. vyd. 
260 |a Bratislava  |b Slovenské pedagogické nakladateľstvo  |c 1957  |e Bratislava  |f Pravda 
300 |a 107, [2] s.  |c 8° 
500 |a Pozn. Marginálie 
563 |a 5000 výtl. 
651 7 |a Československo  |x dejiny  |x učebnice všeobecnovzdel. škôl (10. roč.)  |x učebnice pedag. škôl  |2 SNK  |9 307525 
655 7 |a učebnice  |2 SNKPH  |9 22521 
700 1 |a Goláň, Karol,  |d 1895-1961  |4 adp  |9 108099 
852 |a Slovenská národná knižnica v Martine  |b 10000  |h SC 13971 
852 |a Slovenská národná knižnica v Martine  |b 10000  |h SC 13971 D1 
919 |a brož. 
958 |a OND 
958 |a TL 
958 |a RK 
958 |a UX 
999 |c 562713  |d 564643 
952 |a SNK  |b SNK  |y PREZ  |7 0  |p 17A0512567  |o snkSD 13971  |i snkKSP 2425/57  |0 0  |1 0  |4 0  |d 2006-06-03  |l 0  |r 2025-11-27 00:00:00  |w 2026-02-23